000 00597nam a22001937a 4500
003 DO-SdBNP
005 20220127090041.0
007 ta
008 210917b2018 dr ||||| |||| 00| 0 spa d
020 _a 9789945902457
040 _aDO-SdBNP
_bspa
_cBNPHU
100 1 _aRomán, Rafael,
_d1987-
_979929
245 1 0 _aPalíndromía del insomnio /
_cRafael Román Feliz.
260 _aSanto Domingo :
_bPoetas de la Era,
_c2018.
300 _a57 p. ;
_c23 cm.
500 _aIncluye datos biográficos del autor en la solapa de la cubierta
590 _aInventariado, 2021 /LP
942 _2ddc
_cLBS1
999 _c50551
_d50551